000
00319nam a22001457a 4500
008
230615b ||||| |||| 00| 0 eng d
020
_a
97880394053
041
_a
eng
080
_2
VOLUME 1
_a
61
082
_a
61NOR
100
_a
3
101
_a
MJP
245
_a
PRIMARY CARE RESEARCH
_c
NORTON.G.P
942
_2
udc
_c
BK
999
_c
59983
_d
59983